Enfrentando la globalización: respuestas sociales a la integración económica de México /
Zapisane w:
| 1. autor: | |
|---|---|
| Kolejni autorzy: | |
| Format: | Texto |
| Wydane: |
México, D.F.:
Red Mexicana de Acción Frente al Libre Comercio
|
| Hasła przedmiotowe: | |
| Etykiety: |
Dodaj etykietę
Nie ma etykietki, Dołącz pierwszą etykiete!
|
MARC
| LEADER | 00000 a a2200000 04500 | ||
|---|---|---|---|
| 001 | 35118 | ||
| 003 | |||
| 040 | |||
| 090 | |a 0001 C284e | ||
| 100 | |a Carlsen, Laura | ||
| 245 | |a Enfrentando la globalización: respuestas sociales a la integración económica de México / |c Laura Carlsen | ||
| 260 | |a México, D.F.: |b Red Mexicana de Acción Frente al Libre Comercio | ||
| 300 | |a 273 p. | ||
| 650 | |a GRANOS | ||
| 650 | |a MAIZ | ||
| 650 | |a AGRICULTURA | ||
| 650 | |a TLCAN | ||
| 650 | |a CONSECUENCIAS ECONOMICAS | ||
| 650 | |a ORGANIZACIONES CAMPESINAS | ||
| 650 | |a CULTIVO DE GRANOS | ||
| 650 | |a LIBERALIZACION ECONOMICA | ||
| 650 | |a MEXICO | ||
| 700 | |a coord. |a Wise, Tim |a coord. |a Salazar, Hilda |a coord. | ||
| 999 | |c 5003 |d 5003 | ||
